Регионална библиотека "Любен Каравелов" - Русе

Гео Милев и трагиката на националната съдба (Запис номер 165794)

MARC детайли
000 -Лидер
Контролно поле с фиксирана дължина 02207nam a2200445 c 4500
003 - Код на организацията, давaща контролен номер
Контролно поле BLK
005 - Дата и час на последна редакция
Контролно поле 20240229004023.0
008 - Елементи от данни с фиксирана дължина
fixed length control field 180410b bul|||||r ||||||| ||bul||
010 ## - Наследен системен номер
LC control number KNG00173432000
020 ## - Международен стандартен номер на книга ISBN
Международен стандартен номер на книга ISBN 978-954-09-0903-5
-- издат.: Захарий Стоянов
040 ## - Източник на каталожния запис
Идентификатор на билиотеката - собственик на записа BLK
041 ## - Код за език
Код за езика на текст/звукозапис или на отделно заглавие Български
Код за езика КДБФ Български
072 #7 - Код за тематичната категория
Код организация bullib
Код за тематична категория Н82
Текст Литературознание Н
080 ## - УДК
Текстов определител УДК Българска литература
УДК код - определител по УДК 821.163.2
УДК определител (092)
УДК - код + определител 821.163.2(092)
080 ## - УДК
Текстов определител УДК Българска литература
УДК код - определител по УДК 821.163.2
УДК определител .09
УДК - код + определител 821.163.2.09
080 ## - УДК
Текстов определител УДК Георги Милев Касабов. Български поет и публицист, експресионист
УДК код - определител по УДК 929 Милев, Гео
УДК определител
УДК - код + определител 929 Милев, Гео
100 1# - Редна дума - Автор
Автор Гранитски, Иван
Пълна форма на името Димитров, Иван Йорданов
Дати, свързани с автора 1953-
Автор - информация (биография) Журналист, литературен критик, теоретик и историк, поет, публицист и издател.
Авторска отговорност първи автор
R(LIN) 55767
139 ## - Редно поле
Редна дума Гранитски, Иван
Авторски знак Миле - М 57
245 10 - Сведения за заглавието
Заглавие Гео Милев и трагиката на националната съдба
Редно поле (дума) Иван Гранитски; * Иван Йорданов Димитров.
257 ## - Страна на издаване
Страна на създаване/издаване България
260 ## - Област на издателските данни
-- София
Име на издателя, разпространителя и проч. Захарий Стоянов
Година на издаване 2014
Печатница София : ПК Д. Благоев
300 ## - Физическа характеристика
Страници 144 с.
Илюстрации и др. с цв. ил.
Размери/Мащаб 22 см
380 ## - Жанр
Жанр Литературознание
500 ## - Общи забележки
Забележка Иван Гранитски е псевд. на Иван Йорданов Димитров.
650 #4 - Допълнително описание по предмет – тема
Основно описание – тема или топоним Милев, Гео
9 (RLIN) 260705
650 #4 - Допълнително описание по предмет – тема
Основно описание – тема или топоним Поети, български
9 (RLIN) 241945
650 #4 - Допълнително описание по предмет – тема
Основно описание – тема или топоним Българска литература - история и критика
9 (RLIN) 287605
651 #4 - Допълнително описание по предмет - топоним
Географско понятие България
9 (RLIN) 241624
653 ## - Ключова дума – ненормативна
Ключова дума Гео Милев
653 ## - Ключова дума – ненормативна
Ключова дума български поети
653 ## - Ключова дума – ненормативна
Ключова дума българска литература
659 ## - Тематичен бюлетин
Тематичен бюлетин Н
700 1# - Други автори (авторска отговорност)
Лично име Димитров, Иван Йорданов
Автороска отговорност (Описва отношението между автора и произведението) *
9 (RLIN) 367043
852 ## - Местоположение
Форматна сигнатура Цб 273483
856 4# - Електронен адрес и достъп
Електронен формат pdf - файл
Път до файла /url/
856 4# - Електронен адрес и достъп
Електронен формат pdf - файл
Път до файла /url/
942 ## - АРТИКУЛИ
Вид на библиотечния материал Книги
Скрит в OPAC Не
Koha issues (borrowed), all copies 1
944 ## - СЪЗДАВАНЕ И РЕДАКЦИЯ на ЗАПИСА
Създаване/Редакция Създаване
Дата на регистрацията/редакция 23.03.2015
Статус, дата на статуса CRON CRON
Служител, извършил регистрацията/редакцията
944 ## - СЪЗДАВАНЕ И РЕДАКЦИЯ на ЗАПИСА
Създаване/Редакция Редакция
Дата на регистрацията/редакция 17.09.2015
Статус, дата на статуса ф /
Служител, извършил регистрацията/редакцията Пенка_Димитрова
999 ## - СИСТЕМНИ КОНТРОЛНИ НОМЕРА
Koha biblionumber 165794
Koha biblioitemnumber 165794
Наличности
Код за отписване Код за изгубен артикул Източник на класификационната схема Код за повреда Коз за рестрикции Код за отдаване Артикулен № Име на библиотеката - собственик Име на библиотеката, в която се намира в момента Статус (Текущо местоположение) Дата на вписване в системата Местоположение - отдел Цена в лева Инвентарен номер Систематично азбучна сигнатура Баркод Номер на екземпляра Цена в евро Служебна бележка Служебен тип на артикула
  Не е изгубен Universal Decimal Classification Не е повреден без рестрикции заемане за дома 279556 Регионална библиотека "Любен Каравелов" Русе Регионална библиотека "Любен Каравелов" Русе Заемна - подръчен фонд 2015-03-30 Заемна - подръчен фонд 10.00 120000786726 П 821.163.2.09(092)/М 57 120000786726 1 5.11 Дост: Pk Вид: Ф N: 430 Дата: 24.03.2015 Дата инв: 07.02.2018 Бележки инв: П2018 Книги
  Не е изгубен Universal Decimal Classification Не е повреден без рестрикции заемане за дома 279557 Регионална библиотека "Любен Каравелов" Русе Регионална библиотека "Любен Каравелов" Русе Заемна - подръчен фонд 2015-03-30 Заемна - подръчен фонд 10.00 120000786727 П 821.163.2.09(092)/М 57 120000786727 2 5.11 Дост: Pk Вид: Ф N: 430 Дата: 24.03.2015 Дата инв: 07.02.2018 Бележки инв: П2018 Книги
  Не е изгубен Universal Decimal Classification Не е повреден без рестрикции заемане за дома 279558 Регионална библиотека "Любен Каравелов" Русе Регионална библиотека "Любен Каравелов" Русе Заемна - подръчен фонд 2015-03-30 Заемна - подръчен фонд 10.00 120000786728 П 821.163.2.09(092)/М 57 120000786728 3 5.11 Дост: Pk Вид: Ф N: 430 Дата: 24.03.2015 Дата инв: 07.02.2018 Бележки инв: П2018 Книги
  Не е изгубен   Не е повреден без рестрикции ползва се в читалня 279559 Регионална библиотека "Любен Каравелов" Русе Регионална библиотека "Любен Каравелов" Русе Хранилище 2015-09-17 Хранилище 10.00 120000792688 Цб 273483 120000792688 4 5.11 Дост: Dp Вид: Д N: 27 Дата: 18.06.2015 Книги
Vip Innovations Ltd, Rousse, Bulgaria 2025